Infinito más ene / (Registro nro. 9326)
[ vista simple ]
| 000 -CABECERA | |
|---|---|
| Campo de control interno | 01705nam a2200241Ia 4500 |
| 008 - ELEMENTOS DE LONGITUD FIJA - INFORMACIÓN GENERAL | |
| Campo de control de longitud fija | 260220t9999||||xx |||||||||||||| ||spa|| |
| 040 ## - FUENTE DE CATALOGACIÓN | |
| Agencia de catalogación original | PY-SlUNAC |
| Idioma de catalogación | spa |
| Convenciones de descripción | rda |
| 041 ## - CÓDIGO DE IDIOMA | |
| Código de idioma para texto/pista de sonido o título separado | spa |
| 082 ## - NÚMERO DE CLASIFICACIÓN DECIMAL DEWEY | |
| Clasificación Decimal Dewey (CDD) | 863 |
| Clasificación Expansiva de Cutter (EC) | D743i |
| 100 ## - ASIENTO PRINCIPAL - NOMBRE PERSONAL | |
| Nombre personal | Dovan, Walt G. |
| Rol del autor | Autor |
| 245 #0 - TÍTULO | |
| Título | Infinito más ene / |
| Mención de responsabilidad | por Walt G. Dovan [Autor] |
| 264 ## - PIE DE IMPRENTA | |
| Lugar | Barcelona : |
| Editorial | Ferma, |
| Año | [Fecha de publicación no identificada]. |
| 300 ## - DESCRIPCIÓN FÍSICA | |
| Páginas | 1 volumen |
| 520 ## - NOTA DE RESUMEN | |
| Nota de resumen | "Infinito más ene" de Walt G. Dovan es una obra que explora las complejidades del infinito en el contexto de las matemáticas y la filosofía. A través de una narrativa accesible, Dovan aborda conceptos fundamentales como el infinito numerable y no numerable, así como sus implicaciones en distintas disciplinas. El autor utiliza ejemplos prácticos y reflexiones filosóficas para ilustrar cómo el infinito ha influido en el desarrollo del pensamiento matemático y en la comprensión del universo. Además, Dovan discute las paradojas y desafíos que plantea el infinito, invitando al lector a profundizar en su naturaleza abstracta y su relevancia en la vida cotidiana. La obra se caracteriza por su estilo claro y didáctico, lo que la hace accesible tanto a académicos como a lectores interesados en la matemática. En conjunto, "Infinito más ene" se presenta como un recurso valioso para aquellos que buscan una comprensión más profunda de uno de los conceptos más fascinantes y enigmáticos de la ciencia. |
| 653 ## - MATERIA - TÉRMINO TEMÁTICO NO CONTROLADO (PALABRAS CLAVE) | |
| Materia - término temático no controlado (palabras clave) | Infinito |
| 653 ## - MATERIA - TÉRMINO TEMÁTICO NO CONTROLADO (PALABRAS CLAVE) | |
| Materia - término temático no controlado (palabras clave) | Matemáticas |
| 653 ## - MATERIA - TÉRMINO TEMÁTICO NO CONTROLADO (PALABRAS CLAVE) | |
| Materia - término temático no controlado (palabras clave) | Teoría de conjuntos |
| 942 ## - ELEMENTOS PERSONALIZADOS (KOHA) | |
| Fecha catalogación | 2026/02/17 |
| Tipo de documento | Libros |
| Fuente de Clasificacion | Colección | Ubicacion permanente | Biblioteca actual | Fecha de Ingreso a la Biblioteca | Origen de adquisición | Código de ubicación | Código de barras | Tipo de Item KOHA | Nota pública |
|---|---|---|---|---|---|---|---|---|---|
| Dewey Decimal Classification | Colección General (CG) | Biblioteca e Internet, Facultad de Ciencias Exactas y Naturales | Biblioteca e Internet, Facultad de Ciencias Exactas y Naturales | 02/20/2026 | Donación | 863 D743i | CG2686 | Libros | Material disponible en la Biblioteca e Intenet, Campus UNA, San Lorenzo. |


